00635 2200205 4500001002100000005001700021008004100038020001800079035002500097082001600122090002500138110002600163245008900189260004100278300003300319650003300352850001200385990001600397990001600413YOGYA-0209000000795320150601191735.0 ind  a979-598-646-5 a0010-020900000007953 a650.0959818 aR 650.0959818bBad P aBADAN PUSAT STATISTIK aProfil perusahaan berbadan hukum LampungbSensus ekonomi 1996cBadan Pusat Statistik aJakartabBadan Pusat Statistikc2000 ax, 122 hlmbilusc21 x 28 cm aBisnis - Lampung - statistik aYOPDYOG a973-PD/A.04 a937-PD/A.04